<?xml version="1.0" encoding="UTF-8"?>
<record
    xmlns:xsi="http://www.w3.org/2001/XMLSchema-instance"
    xsi:schemaLocation="http://www.loc.gov/MARC21/slim http://www.loc.gov/standards/marcxml/schema/MARC21slim.xsd"
    xmlns="http://www.loc.gov/MARC21/slim">

  <leader>03011njm a2200469Ia 4500</leader>
  <controlfield tag="001">23806</controlfield>
  <controlfield tag="003">IT-RoPAU</controlfield>
  <controlfield tag="005">20220918181215.0</controlfield>
  <controlfield tag="008">131025s9999    xx            000 0 und d</controlfield>
  <datafield tag="040" ind1=" " ind2=" ">
    <subfield code="a">IT-RoPAU</subfield>
  </datafield>
  <datafield tag="040" ind1=" " ind2=" ">
    <subfield code="c">IT-RoPAU</subfield>
  </datafield>
  <datafield tag="999" ind1=" " ind2=" ">
    <subfield code="c">103944</subfield>
    <subfield code="d">103944</subfield>
  </datafield>
  <datafield tag="999" ind1=" " ind2=" ">
    <subfield code="b">n.d.</subfield>
  </datafield>
  <datafield tag="100" ind1=" " ind2=" ">
    <subfield code="a">AA.VV.</subfield>
    <subfield code="9">794</subfield>
  </datafield>
  <datafield tag="100" ind1=" " ind2=" ">
    <subfield code="e">Autore musica</subfield>
    <subfield code="9">6033</subfield>
  </datafield>
  <datafield tag="100" ind1=" " ind2=" ">
    <subfield code="g">Codice autore musica SPICS: 12000</subfield>
    <subfield code="9">796</subfield>
  </datafield>
  <datafield tag="245" ind1=" " ind2=" ">
    <subfield code="a">Festliches Trompetenkonzert (Lp 6.22073)</subfield>
  </datafield>
  <datafield tag="250" ind1=" " ind2=" ">
    <subfield code="a">1a ed.</subfield>
  </datafield>
  <datafield tag="260" ind1=" " ind2=" ">
    <subfield code="a">AMBURGO</subfield>
  </datafield>
  <datafield tag="260" ind1=" " ind2=" ">
    <subfield code="b">TELEFUNKEN - DECCA</subfield>
    <subfield code="c">1975 [1a Ed.:1975]</subfield>
  </datafield>
  <datafield tag="300" ind1=" " ind2=" ">
    <subfield code="a">DISCO</subfield>
  </datafield>
  <datafield tag="300" ind1=" " ind2=" ">
    <subfield code="c">40 minuti (Testo:  pag.)</subfield>
  </datafield>
  <datafield tag="500" ind1=" " ind2=" ">
    <subfield code="a">Musica classica. Tromba</subfield>
  </datafield>
  <datafield tag="505" ind1=" " ind2=" ">
    <subfield code="a">Trumpet Voluntary (2:00) - Air Aus Der suite D-Dur (4:00) - Turkischer Marsch (3:00) - Largo da "Serse" (3:00) - Kubwalzer: Il bacio (3:00) - Melodie (2:00) - Hora staccato (2:00) - Thema Aus "Te Deum" [(Eurovisions Thema) (3:00)] - Allegro Aus Dem Konzert Fur Trompete Und Orchester, Es-Dur (3:00) - Ave verum (3:00) - La Danza: tarantella dalla suite "Im Zauberladen" (3:00) - Barcarole Aus Dem Oper "Hoffmanns Erzahlungen" (3:00) - Etude E-Dur op.10 N.3 (2:00) - Csardas (5:00)</subfield>
  </datafield>
  <datafield tag="511" ind1=" " ind2=" ">
    <subfield code="a">Der Streichergruppe Hans Georg Arlt diretta da Schneebiegl Rolf</subfield>
  </datafield>
  <datafield tag="650" ind1=" " ind2=" ">
    <subfield code="a">CLASSICA [DISCHI]</subfield>
    <subfield code="e">Codice MATERIA SPICS: 9950</subfield>
    <subfield code="9">1157</subfield>
  </datafield>
  <datafield tag="700" ind1=" " ind2=" ">
    <subfield code="a">Scholz Walter</subfield>
    <subfield code="g">Codice interprete SPICS: 24241</subfield>
    <subfield code="e">Interprete</subfield>
    <subfield code="9">6034</subfield>
  </datafield>
  <datafield tag="700" ind1=" " ind2=" ">
    <subfield code="a">Clarke Jeremiah</subfield>
    <subfield code="g">Codice autore musica SPICS: 13800</subfield>
    <subfield code="e">Autore musica</subfield>
    <subfield code="p">Trumpet Voluntary</subfield>
    <subfield code="9">6035</subfield>
  </datafield>
  <datafield tag="700" ind1=" " ind2=" ">
    <subfield code="a">Bach Johann Sebastian</subfield>
    <subfield code="g">Codice autore musica SPICS: 9695</subfield>
    <subfield code="e">Autore musica</subfield>
    <subfield code="p">Air Aus Der suite D-Dur</subfield>
    <subfield code="9">6036</subfield>
  </datafield>
  <datafield tag="700" ind1=" " ind2=" ">
    <subfield code="a">Mozart Wolfgang Amadeus</subfield>
    <subfield code="g">Codice autore musica SPICS: 3486</subfield>
    <subfield code="e">Autore musica</subfield>
    <subfield code="p">Turkischer Marsch - Ave verum</subfield>
    <subfield code="9">6037</subfield>
  </datafield>
  <datafield tag="700" ind1=" " ind2=" ">
    <subfield code="a">Handel Georg Friedrich</subfield>
    <subfield code="g">Codice autore musica SPICS: 5619</subfield>
    <subfield code="e">Autore musica</subfield>
    <subfield code="p">Largo da "Serse"</subfield>
    <subfield code="9">6038</subfield>
  </datafield>
  <datafield tag="700" ind1=" " ind2=" ">
    <subfield code="a">Arditi Luigi</subfield>
    <subfield code="g">Codice autore musica SPICS: 13823</subfield>
    <subfield code="e">Autore musica</subfield>
    <subfield code="p">Kubwalzer (Il bacio)</subfield>
    <subfield code="9">6039</subfield>
  </datafield>
  <datafield tag="700" ind1=" " ind2=" ">
    <subfield code="a">Rubinstein Anton</subfield>
    <subfield code="g">Codice autore musica SPICS: 13785</subfield>
    <subfield code="e">Autore musica</subfield>
    <subfield code="p">Melodie</subfield>
    <subfield code="9">6040</subfield>
  </datafield>
  <datafield tag="700" ind1=" " ind2=" ">
    <subfield code="a">Dinicu Grigoras</subfield>
    <subfield code="g">Codice autore musica SPICS: 13824</subfield>
    <subfield code="e">Autore musica</subfield>
    <subfield code="p">Hora staccato</subfield>
    <subfield code="9">6041</subfield>
  </datafield>
  <datafield tag="700" ind1=" " ind2=" ">
    <subfield code="a">Heifetz Jascha</subfield>
    <subfield code="g">Codice autore SPICS: 15985</subfield>
    <subfield code="e">Autore</subfield>
    <subfield code="p">Hora staccato</subfield>
    <subfield code="9">6042</subfield>
  </datafield>
  <datafield tag="700" ind1=" " ind2=" ">
    <subfield code="a">Charpentier Marc-Antoine</subfield>
    <subfield code="g">Codice autore musica SPICS: 10663</subfield>
    <subfield code="e">Autore musica</subfield>
    <subfield code="p">Thema Aus "Te Deum" (Eurovisions Thema)</subfield>
    <subfield code="9">6043</subfield>
  </datafield>
  <datafield tag="700" ind1=" " ind2=" ">
    <subfield code="a">Haydn Franz Joseph</subfield>
    <subfield code="g">Codice autore musica SPICS: 5572</subfield>
    <subfield code="e">Autore musica</subfield>
    <subfield code="p">Allegro Aus Dem Konzert Fur Trompete Und Orchester, Es-Dur</subfield>
    <subfield code="9">6044</subfield>
  </datafield>
  <datafield tag="700" ind1=" " ind2=" ">
    <subfield code="a">Rossini Gioachino</subfield>
    <subfield code="g">Codice autore musica SPICS: 11125</subfield>
    <subfield code="e">Autore musica</subfield>
    <subfield code="p">La danza: tarantella dalla suite "Im Zauberladen"</subfield>
    <subfield code="9">6045</subfield>
  </datafield>
  <datafield tag="700" ind1=" " ind2=" ">
    <subfield code="a">Offenbach Jacques</subfield>
    <subfield code="g">Codice autore musica SPICS: 11045</subfield>
    <subfield code="e">Autore musica</subfield>
    <subfield code="p">Barcarole Aus Dem Oper "Hoffmanns Erzahlungen"</subfield>
    <subfield code="9">6046</subfield>
  </datafield>
  <datafield tag="700" ind1=" " ind2=" ">
    <subfield code="a">Chopin Fryderyk</subfield>
    <subfield code="g">Codice autore musica SPICS: 8056</subfield>
    <subfield code="e">Autore musica</subfield>
    <subfield code="p">Etude E-Dur op.10 N.3</subfield>
    <subfield code="9">6047</subfield>
  </datafield>
  <datafield tag="700" ind1=" " ind2=" ">
    <subfield code="a">Monti Vittorio</subfield>
    <subfield code="g">Codice autore musica SPICS: 13788</subfield>
    <subfield code="e">Autore musica</subfield>
    <subfield code="p">Csardas</subfield>
    <subfield code="9">6048</subfield>
  </datafield>
  <datafield tag="942" ind1=" " ind2=" ">
    <subfield code="c">MD</subfield>
    <subfield code="2">ddc</subfield>
  </datafield>
  <datafield tag="952" ind1=" " ind2=" ">
    <subfield code="0">0</subfield>
    <subfield code="1">0</subfield>
    <subfield code="4">0</subfield>
    <subfield code="6">23806_000000000000000</subfield>
    <subfield code="7">1</subfield>
    <subfield code="a">SPICS</subfield>
    <subfield code="b">SPICS</subfield>
    <subfield code="d">2013-10-25</subfield>
    <subfield code="l">0</subfield>
    <subfield code="o">23806</subfield>
    <subfield code="r">2013-10-25 00:00:00</subfield>
    <subfield code="w">2013-10-25</subfield>
    <subfield code="y">MD</subfield>
    <subfield code="z">Progr. Ins.: 4653 / N.Vol.: 1 / Copie: 1 - Copia rara: n.d. / date import: 01.01.2014 - By Epidotti, Trombetti, Vaglietti</subfield>
  </datafield>
</record>
